|
|
|
|
| LEADER |
01556nam a2200325 a 4500 |
| 001 |
2502518 |
| 008 |
091229s1992 nyua b 000 0 eng d |
| 010 |
|
|
|a \\\92000211
|
| 020 |
|
|
|a 0814737536 (cl : acid-free paper) :
|c $50.00
|
| 020 |
|
|
|a 0814737544 (pbk : acid-free paper) :
|c $25.00
|
| 020 |
|
|
|a 9290720034 (pbk. : alk. paper)
|
| 020 |
|
|
|a 1853391484
|
| 040 |
|
|
|a DLC
|c DLC
|d DLC
|d BD-DhAAL
|
| 082 |
0 |
0 |
|a 307.1/412/091724
|2 20
|
| 100 |
1 |
|
|a Jazaïry, Idriss.
|
| 245 |
1 |
4 |
|a The State of world rural poverty :
|b an inquiry into its causes and consequences /
|c Idriss Jazairy, Mohiuddin Alamgir, Theresa Panuccio.
|
| 260 |
|
|
|a New York, NY :
|b Published for the International Fund for Agricultural Development by New York University Press,
|c 1992.
|
| 300 |
|
|
|a xxiii, 514 p. :
|b col. ill. ;
|c 27 cm.
|
| 500 |
|
|
|a "This volume was made possible by a generous grant by the Government of Finland ..."
|
| 504 |
|
|
|a Includes bibliographical references (p. 482-514).
|
| 541 |
1 |
|
|e 00005762
|
| 650 |
|
0 |
|a Rural development
|z Developing countries.
|
| 650 |
|
0 |
|a Agricultural development projects
|z Developing countries.
|
| 650 |
|
0 |
|a Rural poor
|z Developing countries.
|
| 700 |
1 |
|
|a Alamgir, Mohiuddin,
|d 1943-
|
| 700 |
1 |
|
|a Panuccio, Theresa.
|
| 710 |
2 |
|
|a International Fund for Agricultural Development.
|
| 852 |
4 |
|
|a Ayesha Abed Library
|j General shelf
|
| 999 |
|
|
|c 6506
|d 6506
|
| 952 |
|
|
|0 0
|1 0
|2 ddc
|4 0
|6 307_141209172400000_JAZ_1992
|7 0
|9 6602
|a BRACUL
|b BRACUL
|c GEN
|d 2009-12-30
|g 2240.00
|l 1
|o 307.1412091724 JAZ
|p 3010005762
|r 2019-01-21
|s 2019-01-20
|t 1
|w 2009-12-30
|y BK
|